|
|
|
|
| LEADER |
00000cam a2200000 7i4500 |
| 001 |
0000002565 |
| 005 |
20220105103936.0 |
| 008 |
070712 |
| 020 |
|
|
|a 9833638457
|
| 090 |
0 |
0 |
|a JP
|b AD MAL (3504)
|
| 245 |
0 |
0 |
|a Hantu galah
|
| 260 |
|
|
|a Kuala Lumpur :
|b Maxim Press & Publication
|
| 440 |
|
|
|a Seram klasik
|
| 500 |
|
|
|a Children age 4-6 years old (yellow)
|
| 650 |
|
0 |
|a Adventure
|
| 650 |
|
0 |
|a Junior fiction
|x Malay
|x Languages
|
| 999 |
|
|
|a 0000969580
|b Book
|c Children Collection
|e Perbadanan Perpustakaan Awam Johor
|
| 999 |
|
|
|a 0000969581
|b Book
|c Children Collection
|e Perbadanan Perpustakaan Awam Johor
|
| 999 |
|
|
|a 0000969582
|b Book
|c Children Collection
|e Perbadanan Perpustakaan Awam Johor
|
| 999 |
|
|
|a 0000969583
|b Book
|c Children Collection
|e Perbadanan Perpustakaan Awam Johor
|
| 999 |
|
|
|a 0000969584
|b Book
|c Children Collection
|e Perbadanan Perpustakaan Awam Johor
|
| 999 |
|
|
|a 0000971770
|b Book
|c Children Collection
|e Cawangan Tmn. Ungku Tun Aminah
|
| 999 |
|
|
|a 0000971772
|b Book
|c Children Collection
|e Cawangan Segamat
|
| 999 |
|
|
|a 0001151520
|b Book
|c Children Collection
|e Cawangan Taman Universiti
|
| 999 |
|
|
|a 0001151521
|b Book
|c Children Collection
|e Cawangan Segamat
|
| 999 |
|
|
|a 0001151522
|b Book
|c Children Collection
|e Cawangan Tmn. Ungku Tun Aminah
|
| 999 |
|
|
|a 0001151523
|b Book
|c Children Collection
|e Cawangan Bandar Penawar
|
| 999 |
|
|
|a 0001151524
|b Book
|c Children Collection
|e Cawangan Bukit Gambir
|